<?xml version="1.0" encoding="UTF-8"?>
<collection xmlns="http://www.loc.gov/MARC21/slim">
 <record>
  <leader>01004nam a22002055a 4500</leader>
  <controlfield tag="001">CEM.cems024231</controlfield>
  <controlfield tag="008">240814s1999####sp############000#0#und#d</controlfield>
  <controlfield tag="005">20240814145638.0</controlfield>
  <datafield tag="245" ind1="1" ind2="0">
   <subfield code="a">Guaraníes /</subfield>
   <subfield code="c">María de Hoyos ; ilustrado por Aldo Chiappe.</subfield>
  </datafield>
  <datafield tag="260" ind1=" " ind2=" ">
   <subfield code="a">Madrid :</subfield>
   <subfield code="b">A-Z,</subfield>
   <subfield code="c">1999.</subfield>
  </datafield>
  <datafield tag="300" ind1=" " ind2=" ">
   <subfield code="a">32 p.</subfield>
  </datafield>
  <datafield tag="490" ind1="1" ind2=" ">
   <subfield code="a">Gente americana / Miguel Ángel Palermo</subfield>
  </datafield>
  <datafield tag="505" ind1="0" ind2=" ">
   <subfield code="a">Rumbo al sur -- Vivir en la selva -- Cultivar en la selva -- Tekoa, la aldea guaraní -- Cada uno a lo suyo -- Guerreros y caníbales -- Magia, medicina y profecías -- La tierra sin mal -- Las Misiones Jesuíticas -- El arte de las Misiones -- Ava, los hombres -- Los mbyá -- Herencia guaraní -- Para estudiar a los guaraníes -- Gente que se ocupa de los guaraníes</subfield>
  </datafield>
  <datafield tag="020" ind1=" " ind2=" ">
   <subfield code="a">9505345356</subfield>
  </datafield>
  <datafield tag="100" ind1="1" ind2=" ">
   <subfield code="a">de Hoyos, María.</subfield>
  </datafield>
  <datafield tag="700" ind1="1" ind2=" ">
   <subfield code="a">Chiappe, Aldo; il.</subfield>
  </datafield>
  <datafield tag="653" ind1=" " ind2=" ">
   <subfield code="a">Pueblos originarios</subfield>
  </datafield>
  <datafield tag="653" ind1=" " ind2=" ">
   <subfield code="a">Pueblos originarios-Argentina</subfield>
  </datafield>
  <datafield tag="653" ind1=" " ind2=" ">
   <subfield code="a">Guaraníes</subfield>
  </datafield>
  <datafield tag="859" ind1=" " ind2=" ">
   <subfield code="a">CEMS</subfield>
   <subfield code="b">BIB. CEMS - Inicial y Primaria</subfield>
   <subfield code="h">572.982</subfield>
   <subfield code="i">D367-1</subfield>
   <subfield code="k">IP</subfield>
   <subfield code="p">3307</subfield>
   <subfield code="t">Ej.1</subfield>
  </datafield>
 </record>
</collection>
